00884 2200313 4500001002100000005001500021035002000036007000300056040001700059100002700076245007900103250001200182300004300194041000800237082001100245090002100256264003800277336002100315337003000336338002300366650001000389850001000399008004100409020002200450504002800472500002800500990002200528990002000550INLIS00000000000530820260515063603 a0010-0222000398ta aSBPUPADbind0 aAlim KhoiriePengarang1 aFiqih Busana :bTelaah Kritis Pemikiran Muhammad Syahrur /cM. Alim Khoiri a.-cet.1 aviii+260 hlm. :bilus. ;c14,5x20,5 cm aind a297.14 a297.35 IBN b 5-7 a.--Yogyakarta :bKalimedia,c2016 2rdacontentaTeks 2rdamediaaTanpa Perantara 2rdacarrieraVolume 4aFiqih aPUPAD260515 0  a978-602-6827-07-4 aDaftar Pustaka, hal 249 aProfil Penulis, hal 259 a23.832/H/DPK/2017 a23.833/H/DPK/17